书目信息 |
| 题名: |
超越与回归
|
|
| 作者: | 何显明 | |
| 分册: | ||
| 出版信息: | 上海 学林出版社 2002 |
|
| 页数: | 375 | |
| 开本: | 20cm | |
| 丛书名: | ||
| 单 册: | ||
| 中图分类: | A75 | |
| 科图分类: | ||
| 主题词: | 毛泽东--传记 , 毛泽东--生平事迹 | |
| 电子资源: | ||
| ISBN: | 7-80668-280-5 | |
| 000 | 00595nam0 2200205 450 | |
| 001 | 0735257515 | |
| 005 | 20070904094737.51 | |
| 010 | @a7-80668-280-5@d28 | |
| 100 | @a20070904d km y0chiy0120 ea | |
| 101 | 0 | @achi |
| 200 | 1 | @a超越与回归@Achao yue yu hui gui@e毛泽东的心路历程@f何显明@Fhe xian ming |
| 210 | @a上海@c学林出版社@d2002 | |
| 215 | @a375@d20cm | |
| 517 | 1 | @a毛泽东的心路历程@Amao ze dong de xin lu li cheng |
| 606 | 0 | @a毛泽东@x传记 |
| 606 | 0 | @a毛泽东@x生平事迹 |
| 690 | @aA75@v3 | |
| 701 | 0 | @a何显明@Ahe xian ming |
| 801 | 0 | @aCN@bPFT@c20070904 |
| 905 | @a213230@dA75@ea1@f1 | |
| 超越与回归:毛泽东的心路历程/何显明.-上海:学林出版社,2002 |
| 375;20cm |
| ISBN 7-80668-280-5:28 |
| ● |
| 相关链接 |
|
|
|
|
正题名:超越与回归
索取号:A75/a1
 
预约/预借
| 序号 | 登录号 | 条形码 | 馆藏地/架位号 | 状态 | 备注 |
| 1 | 7500122 | 275001221 | 史法系资料室/ [索取号:A75/a1] | 在馆 |